000 00832nam a2200229Ia 4500
001 118
003 GE_BSU
008 181216s||||||||xx |||||||||||||| ||und||
020 _a9994041096
040 _cGE_BSU
080 _a659.4(031)
245 _aსაზოგადოებასთან ურთიერთობის სამაგიდო ენციკლოპედია
245 _cპროექტის ავტ.მარღია,ელგუჯა.
260 _aთბილისი
260 _bგამომცემლობა ,,ცოტნე''
260 _c2006
300 _a293გვ.ილ.28სმ.
300 _eბიბლიოგრ.:გვ.293
541 _h20 ლ.
653 _aსაზოგადოებასთან ურთიერთობა
942 _cBK
999 _c34413
_d34413